Sydney Suburbs Trivia - Statistics

General Stats
  • This quiz has been taken 148 times
    119 since last reset
  • The average score is 4 of 10
Answer Stats
Question Answer % Correct
Which of these suburbs is the Northernmost? Balmain
64%
Which of these border Punchbowl, Lakemba and Roselands? Wiley Park
56%
Which of these shares the longest border with Rhodes? Concord West
53%
Erskineville was previously named which of these surrounding suburbs? Macdonaldtown
50%
Which of these suburbs is most similar in location to Fiddletown? Normanhurst
33%
Which of these suburbs don't border Narwee? Peakhurst
33%
Which of these are in Sydney? Cattai
31%
Which of these is an actual Sydney Suburb? Grose Wold
31%
Which of these suburbs do not border the Cooks River? Turrella
28%
Which of these suburbs border Rookwood? Chullora
19%
No matching quizzes found
Score Distribution
Percent of People with Each Score
Percentile by Number Answered
Your Score History
You have not taken this quiz since the last reset